| 000 | 00365pam a2200157a 44500 | ||
|---|---|---|---|
| 008 | 230515b2008 xxu||||| |||| 00| 0 eng d | ||
| 020 | _aNULL | ||
| 041 | _aENGLISH | ||
| 082 | _a613.7 | ||
| 100 | _aMS.VERMA,SHIPRA | ||
| 245 | _aGYM OPERATIONS | ||
| 250 | _a2022 | ||
| 260 |
_a _bFRIENDS PUBLICATIONS (INDIA) _c2008 |
||
| 300 | _a168 | ||
| 650 | _aGYM OPERATIONS | ||
| 999 |
_c519992 _d519992 |
||